01303nam a22003017a 450000500170000000800410001702000150005804000090007304100080008208200220009010000260011210000320013824500410017026000390021130000290025036500140027952003530029365000280064665000270067465000360070165000190073765000440075670000280080070000340082894200120086299900190087495201080089320220324092550.0220324b ||||| |||| 00| 0 eng d a0470820861 cAloy aeng 223a330.951bMARC aPamela C M Mar925595 dFrank-Jurgen Richter925585 aChina: enabling a new era of changes aSingapoerbJohn Wiley & Sonsc2003 ax, 220 p.bHBc23x16 cm. 2Economics aHow does China invest abroad? What is the easiest way for that country to effectively institute corporate governance? How can China and Southeast Asia achieve a win-win relationship? These are just a few of the enticing questions that are answered in this informative book on the state of China's socio-economic and business operating environment.  aEconomic History925586 aEconomic Policy925587 aWorld Trade Organization925588 aFinance925589 aInternational Economic Relations925590 aMAR (Pamela C M)925591 aRICHTER (Frank Jurgen)925592 2ddccGF c222012d222012 00102ddc40708ECOaALbALd2013-03-24l0o330.951 MARCpGF03136r2022-03-24 00:00:00w2022-03-24yGF